| 000 | 00523nam a2200169Ia 4500 | ||
|---|---|---|---|
| 008 | 230718s9999 xx 000 0 und d | ||
| 020 | _a9780525561965 | ||
| 041 | _aeng | ||
| 082 |
_a363.325 _bCLA |
||
| 100 |
_aClarke R.A. _9201862 |
||
| 245 |
_aThe Fifth Domain _bDefending Our Country,Our Companies,And Ourselves In The Age Of Cyber Threats |
||
| 260 |
_c2019 _bPenguin Press |
||
| 300 | _a344 | ||
| 365 |
_cRs. _b699.00 |
||
| 700 |
_aClarke R.A. _9201862 |
||
| 906 |
_dO:0680409-Dec-2019B:09727-Nov-2019 _cGENRL _b174.75 |
||
| 999 |
_c350701 _d350701 |
||